| 000 | 00352nam a2200133Ia 4500 | ||
|---|---|---|---|
| 008 | 230917s9999||||xx |||||||||||||| ||und|| | ||
| 040 |
_e198336 _aMAIN |
||
| 041 | _aEnglish | ||
| 082 | _a370 S23N | ||
| 100 | _aSharma, Sudha | ||
| 245 | 0 | _aNai shiksha niti ke sandarbh mein Vinoba Bhave ke shiksha darshan ka adhyayan | |
| 300 | _a108 p. | ||
| 942 | _cTH | ||
| 999 |
_c51133 _d51133 |
||